000 02346nam1a2200349 i 4500
001 RU\NLR\bibl\1408015
005 20260407204054.0
035 _a(NLR Aleph) 001400008
090 _a1216401
_c1216401
100 _a20090904g20089999k y0rusy50 ca
101 0 _arus
102 _aRU
105 _a||||z |||||
200 1 _aОпытно-экспериментальная деятельность образовательных учреждений как фактор развития региональной системы образования
_eсборник материалов III Областной научно-практической конференции, 13 марта 2008
_e[тезисы докладов
_eв 2 ч.
_fредкол.: Горбунова Т.С., к.п.н. и др.]
210 _aОмск
_cБОУДПО "ИРООО"
_d2008
215 _d21
300 _aВ надзаг.: М-во образования Омск. обл., Бюждет. образоват. учреждение Омск. обл. доп. проф. образования "Ин-т развития образования Омск. обл."
463 0 _10011395583
463 0 _10011398409
606 1 _aИнновации педагогические
_jТезисы докладов
_yОмская область
_92530413
_3RU\NLR\auth\661498837
606 1 _aОбразование
_jТезисы докладов
_xИнтеграция
_yОмская область
_92530419
_3RU\NLR\auth\661498839
606 1 _aВалеология в образовании
_jТезисы докладов
_yОмская область
_92617459
_3RU\NLR\auth\661554019
686 _aЧ34(2Р-4Ом)я431
686 _aЧ312я431
686 _aЧ313.54я431
702 1 _aГорбунова
_bТ. С.
_gТатьяна Станиславовна
_4340
711 1 2 _aОпытно-экспериментальная деятельность образовательных учреждений как фактор развития региональной системы образования, областная научно-практическая конференция
_d3
_eОмск
_f2008
_9767983
_3RU\NLR\AUTH\8810136068
801 0 _aRU
_bNLR
_c20090904
_gRCR
801 1 _aRU
_bNLR
_c20090904
852 _aNLR
_j2009-3/23723
942 _cBOOK